Αειφόρος τοπική γεωθερμική ανάπτυξη : έρευνα στην δήμο Πολιχνίτου Λέσβου : διπλωματικη εργασία

Αποθηκεύτηκε σε:
Λεπτομέρειες βιβλιογραφικής εγγραφής
Κύριος συγγραφέας: Πατσατζής, Χαρίλαος
Συγγραφή απο Οργανισμό/Αρχή: Πανεπιστήμιο Αιγαίου Σχολή Κοινωνικών Επιστημών Τμήμα Κοινωνιολογίας Μεταπτυχιακό Πρόγραμμα Σπουδών Έρευνα Εφαρμοσμένη στην Ανάπτυξη Καινοτόμων Τοπικών και Περιφερειακών Πολιτικών και την Κοινωνική Συνοχή
Άλλοι συγγραφείς: Ρόντος, Κωνσταντίνος Β. (Εισηγητής διατριβής)
Μορφή: Thesis Βιβλίο
Γλώσσα:Greek
Δημοσίευση: 2009
Θέματα:
Διαθέσιμο Online:http://hdl.handle.net/11610/11911
Ετικέτες: Προσθήκη ετικέτας
Δεν υπάρχουν, Καταχωρήστε ετικέτα πρώτοι!

MARC

LEADER 00000cam a2200000 i 4500
001 1/6597
008 100419s2009 gre d
035 |l 10107566 
040 |a GR-MY-UA  |b gre  |e aacr 
041 0 |a gre 
082 0 |a 333.79  |2 (22) 
100 1 |a Πατσατζής, Χαρίλαος. 
245 1 0 |a Αειφόρος τοπική γεωθερμική ανάπτυξη :  |b έρευνα στην δήμο Πολιχνίτου Λέσβου : διπλωματικη εργασία /  |c Πατσαντζής Χαρίλαος ; επιβλέπων καθηγητής Ρόντος Κωνσταντίνος 
260 |c 2009 
300 |a 213 σ.;  |b εικ.;  |c 30 εκ. 
500 |a Βιβλιογραφία: σ. 186-197 
502 |a Διατριβή (μεταπτυχιακή) – Πανεπιστήμιο Αιγαίου, Λέσβος, 2009. 
650 0 0 |a Geothermal resources  |z Greece  |z Lesbos Island. 
650 0 0 |a Sustainable development  |z Greece  |z Lesbos Island. 
650 0 0 |a Geothermal energy. 
650 0 0 |a Hot springs  |z Greece  |z Lesbos Island. 
650 0 0 |a Dissertations, Academic  |z Greece. 
700 1 |4 ths  |a Ρόντος, Κωνσταντίνος Β. 
710 2 |a Πανεπιστήμιο Αιγαίου  |b Σχολή Κοινωνικών Επιστημών  |b Τμήμα Κοινωνιολογίας  |b Μεταπτυχιακό Πρόγραμμα Σπουδών Έρευνα Εφαρμοσμένη στην Ανάπτυξη Καινοτόμων Τοπικών και Περιφερειακών Πολιτικών και την Κοινωνική Συνοχή. 
852 |a INST  |b LESVOS  |c DIATR  |e 20100419  |h 79  |p 005100047007  |q 005100047007  |t MTXE  |y 23 
852 |a INST  |b LESVOS  |c DIATR  |e 20100419  |h 80  |p 005100047008  |q 005100047008  |t MTXE  |y 23 
856 |u http://hdl.handle.net/11610/11911 
901 |a BIBL1-2010-1 
909 |a Λ  |b 162824 
909 |a Λ  |b 162825 
924 |a ΠΑΤΣΑΤΖΗΣ  |b ΧΑΡΙΛΑΟΣ  |y ΛΕΣΒΟΣ  |z 2009-11 
970 |a ΤΖΑΦΕΡΗ  |b ΕΥΑΓΓΕΛΙΑ  |z 2010/04/19